| 000 | 01535cam a2200385 a 4500 | ||
|---|---|---|---|
| 999 |
_c174403 _d174403 |
||
| 001 | 12429093 | ||
| 003 | Nust | ||
| 005 | 20180720110350.0 | ||
| 008 | 010601s2001 nyu c 000 1 eng | ||
| 010 | _a 2001039143 | ||
| 020 | _a0064472795 | ||
| 020 |
_a9780064472791 _cRs. 316 |
||
| 038 | _aArshad | ||
| 040 |
_aDLC _cDLC _dDLC |
||
| 042 | _alcac | ||
| 050 | 0 | 0 |
_aPZ7.C11165 _bPt 2001 |
| 082 | 0 | 0 |
_a823 _bCAB |
| 100 | 1 |
_aCabot, Meg. _911902 |
|
| 245 | 1 | 0 |
_aPrincess in the spotlight / _cMeg Cabot. |
| 250 | _a1st ed. | ||
| 260 |
_aNew York : _bHarperCollins, _c2001. |
||
| 300 |
_a257 p. _c22 cm. |
||
| 490 | 1 |
_aThe princess diaries ; _vv. 2 |
|
| 520 | _aHaving recently discovered she is the sole heir to the throne of a tiny European principality, fourteen-year-old Manhattan resident Mia writes in her journal about her attempts to cope with this news, as well as with more typical teenage concerns. | ||
| 650 | 1 |
_aPrincesses _vFiction. _911910 |
|
| 650 | 1 |
_aDiaries _vFiction. _911911 |
|
| 650 | 1 |
_aSchools _vFiction. _96715 |
|
| 650 | 1 |
_aIdentity _vFiction. _911912 |
|
| 651 | 1 |
_aNew York (N.Y.) _vFiction. _94634 |
|
| 800 | 1 |
_aCabot, Meg. _tPrincess diaries ; _vv. 2. _911913 |
|
| 856 | 4 | 2 |
_3Publisher description _uhttp://www.loc.gov/catdir/description/hc043/2001039143.html |
| 906 |
_a7 _bcbc _corignew _d1 _eocip _f20 _gy-gencatlg |
||
| 942 |
_2ddc _cFIC |
||